MARC

LEADER 00000nab a2200000 a 4500
001 vtls000715302
003 SK-MaSNL
005 20260302194753.0
008 140303c1999 xo 0 slo
015 |a SNBRB2000/03-07966 
035 |a CLN000067469 
040 |a SNKBUCL  |b slo  |c SNKBUCL  |e AACR2 
041 0 |a slo 
044 |a xo  |c SK 
080 |a 616-053.2:061.22(437.6)  |2 1997 
100 1 |a Šimonovičová, Katarína  |4 aut  |9 915367 
245 1 0 |a Zjednotenie pediatrov na profesionálnej báze  |c Katarína Šimonovičová 
610 7 |a Slovenská lekárska komora  |b Sekcia pediatrie  |2 snkbucl  |9 913069 
610 7 |a Asociácia súkromných lekárov Slovenskej republiky  |b Sekcia praktických lekárov pre deti a dorast  |2 snkbucl  |9 915368 
610 7 |a Slovenská pediatrická spoločnosť  |b Sekcia primárnej starostlivosti  |2 snkbucl  |9 915369 
655 7 |a články z novín a časopisov  |2 snkbucl  |9 267496 
773 0 |t Zdravotnícke noviny  |g Roč. 4, č. 43 (1999), s. 6 
850 |a Slovenská národná knižnica v Martine 
852 |a SNK  |b KIS3GCP 
958 |a SK 
992 |a RBX 
999 |c 1449913  |d 1451843